Ľúbostné hlasy z diaľky

Bibliographic Details
Main Author: Bžoch, Jozef, 1926-2018 (Author)
Format: Article
Language:Slovak
ISSN:1335-440X
Subjects:

MARC

LEADER 00000nab a2200000 a 4500
001 vtls008957493
003 SK-MaSNL
005 20260303070955.0
008 140512c2006 xo dr|p|||||||000 b|slo
015 |a SNBRB2007/03  |2 snkbucl 
038 |a SNKBUCL 
040 |a SNKBUCL  |b slo  |c SNKBUCL  |e AACR2 
041 |a slo 
044 |a xo  |c SK 
080 |a 82.09:821.581-1  |x (048)  |2 2001 
080 |a 821.581-1  |x (048)  |2 2001 
100 1 |a Bžoch, Jozef,  |d 1926-2018  |4 aut  |9 13856 
245 1 0 |a Ľúbostné hlasy z diaľky  |c Jozef Bžoch 
500 |a Marián Gálik je zostavovateľom recenzovanej publikácie 
648 7 |a 2. stor. pr.n.l.-19. stor.  |2 snkbucl  |9 1069090 
650 0 7 |a čínska poézia  |2 snkbucl  |9 89353 
650 0 7 |a literárne antológie  |2 snkbucl  |9 428514 
650 0 7 |a ľúbostná poézia  |2 snkbucl  |9 73373 
655 7 |a recenzie  |2 snkbucl  |9 21907 
773 0 |t Sme. Práca  |g Roč. 15, č. 113 (18.5.2006)  |x 1335-440X 
773 0 8 |t Kultúra  |g (18.5.2006), s. 22 
787 0 8 |i Rec.:  |a Gálik, Marián, 1933-  |t Krehké ako chryzantémy  |d Bratislava : Petrus, 2006  |z 808923066 
852 |a SNK  |b KIS3GCP 
958 |a RC 
999 |c 1757768  |d 1759698